Cultura generale ITA #7 - Statistics

Statistiche generali
  • Questo quiz è stato fatto 857 volte
  • Il punteggio medio è 9 su 20
Statistiche sulle risposte
Hint Risposta % Corretto
Distingue i gradi nelle arti marziali Cintura
95%
Bevanda ottenuta tipicamente dalla fermentazione di mosto a base di malto d'orzo Birra
87%
Accordi sottoscritti dall'Italia e dalla Santa Sede nel 1929 Patti lateranensi
71%
La branca della medicina che studia i tumori Oncologia
67%
Oggetti astronomici su cui ha condotto ricerche l'astrofisico inglese Hawking Buchi neri
66%
Anno della caduta dell'Impero Romano d'Occidente 476
61%
La città liberata di Torquato Tasso Gerusalemme
60%
Strumento che, in Italia, misura la condizione economica di una famiglia ISEE
57%
Filosofo antico che faceva spesso uso di miti e allegorie per comunicare le sue dottrine Platone
54%
Lo è la donna secondo Giuseppe Verdi Mobile
49%
Dinastia imperiale russa che regnò dalla fine del sedicesimo secolo fino al 1917 Romanov
47%
Il tipo di subordinata introdotta da "che" nella domanda precedente Relativa
35%
Montagna in cui venne detenuto mussolini per 10 giorni nel 1943 Gran Sasso
30%
Pseudonimo, in arte, del cantautore Michele Salvemini Caparezza
24%
Religione monoteista nata negli anni trenta in Etiopia, ma comunemente associata alla Giamaica Rastafarianesimo
22%
Gruppo di artisti italiani di metà Ottocento di cui Giovanni Fattori è il maggior esponente Macchiaioli
21%
Un'invenzione sviluppatasi al CERN di Ginevra intorno al 1990 che ha cambiato significativamente il mondo Internet
13%
In letteratura, l'omissione di una parte di narrazione Ellissi
12%
Il videogioco su Steam con il più alto picco di giocatori contemporaneamente online (ottobre 2023) Counter-Strike 2
8%
In musica, un effetto che disturba il flusso regolare di una melodia, ad esempio spostandone l'accento in levare Sincope
6%
Nessun quiz corrispondente trovato
Distribuzione punteggi
Percentuale di utenti per punteggio
Percentile per numero di risposta
I tuoi punteggi nel tempo
Non hai fatto questo quiz